Music Quiz

Random Music or Missing Word Quiz
Score 0/50 Timer 06:00
6 Plays Today
% Correct
One
92.9%
Brick
92%
Road
90.8%
Shot
90.8%
That
85.5%
Say
85.3%
Call
85.1%
Line
84.6%
Some
84.2%
Around
83.1%
Talk
83%
Open
82.4%
Starting
80.1%
Hurt
78.8%
Lover
78%
Whip
78%
Heart
77.2%
Go
77.1%
Right
76.4%
Star
76%
Master
75.2%
Rose
74.9%
Pocket
73.6%
Do
73.4%
Ride
72.6%
% Correct
Time
72.1%
Coward
70.6%
Rock
70%
Long
68.5%
Emotional
66.2%
Radio
64.7%
Jeannie
64.5%
Upside
64.4%
Woman
64%
Lost
63.3%
Biggest
62.8%
Drivin'
62%
Sexy
61.8%
Late
60%
Night
59.5%
Coming
58.3%
Shy
56.1%
Serious
55.1%
Alright
50.8%
Lake
50.3%
Steal
49.5%
Hot
43.6%
Real
43.3%
Special
38.9%
Tune
31.4%
Remove Ads.
Support Sporcle.
Get the best of Sporcle when you Go Orange. This ad-free experience offers more features, more stats, and more fun while also helping to support Sporcle. Thank you for becoming a member.

You're not logged in!

Compare scores with friends on all Sporcle quizzes.
OR
Log In

Sporcle TV

Today on Sporcle TV


Watch our educational content, quiz creation guides, and fun videos on Sporcle TV.

Show Comments

Extras

Top Quizzes Today


Score Distribution

Paid Content

Your Account Isn't Verified!

In order to create a playlist on Sporcle, you need to verify the email address you used during registration. Go to your Sporcle Settings to finish the process.

Report this User

Report this user for behavior that violates our Community Guidelines.

Details: